| 000 | 00439nam a2200157 4500 | ||
|---|---|---|---|
| 999 |
_c511441 _d511441 |
||
| 008 | 190923b ||||| |||| 00| 0 eng d | ||
| 100 |
_aRao, P. Kesava _911187 |
||
| 245 | _aRural infrastructure in Union Budget 2019-20 | ||
| 260 | _bKurukshetra | ||
| 300 | _a67(10), Aug, 2019: p.29-34. | ||
| 650 |
_aRural infrastructure _911188 |
||
| 700 |
_aRao, V. Madhava _911189 |
||
| 773 | _aKurukshetra | ||
| 906 | _aBudget | ||
| 942 |
_2ddc _cAR |
||